000 00322nam a2200133Ia 4500
008 151001s9999||||xx |||||||||||||| ||und||
100 _aहरी नारायण आपटे
245 _aआजच
250 _a1
260 _bपटवर्धन अ वि
260 _c1924
300 _a200
365 _b8.5
999 _c950992
_d950989